Sudden Death - Symbols - Statistics

General Stats
  • This quiz has been taken 86 times
  • The average score is 8 of 9
Answers on the Grid
Answers color-coded by a green-red scale on the quiz's grid according to % correct below.
(
Q
B
:
alt
@
#
!
L
W
%
M
X
 
Answer Stats
Answer % Correct
@
95%
#
95%
(
91%
%
91%
:
89%
!
88%
82%
80%
79%
No matching quizzes found
Score Distribution
Percent of People with Each Score
Percentile by Number Answered
Your Score History
You have not taken this quiz